Historia y juicio crítico de la escuela poética sevillana en los siglos XVI y XVII / (Record no. 157178)
[ view plain ]
| 000 -LEADER | |
|---|---|
| campo de control de longitud fija | 01108nam a2200217 i 4500 |
| 001 - NÚMERO DE CONTROL | |
| campo de control | 157178 |
| 003 - IDENTIFICADOR DE NÚMERO DE CONTROL | |
| campo de control | ES-MaACL |
| 005 - FECHA Y HORA DE LA ÚLTIMA TRANSACCIÓN | |
| campo de control | 20250930063135.0 |
| 008 - DATOS DE LONGITUD FIJA--INFORMACIÓN GENERAL | |
| campo de control de longitud fija | 931025s1871 sp |||| | spa d |
| 080 ## - NÚMERO DE LA CLASIFICACIÓN DECIMAL UNIVERSAL | |
| Número de la Clasificación Decimal Universal | 821.134.2(460.35)-14.09"15/16" |
| 100 1# - ENTRADA PRINCIPAL--NOMBRE DE PERSONA | |
| Nombre de persona | Lasso de la Vega, Ángel, |
| Fechas asociadas al nombre | 1831-1899 |
| 9 (RLIN) | 128726 |
| 245 10 - MENCIÓN DEL TÍTULO | |
| Título | Historia y juicio crítico de la escuela poética sevillana en los siglos XVI y XVII / |
| Mención de responsabilidad, etc. | memoria escrita por Angel Lasso de la Vega y Arguelles... ; impresa con auxilio del Ministerio de Fomento ; y precedido de una carta del ilmo. sr. Jose Amador de los Rios. |
| 260 ## - PUBLICACIÓN, DISTRIBUCIÓN, ETC. | |
| Lugar de publicación, distribución, etc. | Madrid : |
| Nombre del editor, distribuidor, etc. | [s.n.], |
| Fecha de publicación, distribución, etc. | 1871 ( |
| Fabricante | Imp. de la viuda è hijos de Galiano) |
| 300 ## - DESCRIPCIÓN FÍSICA | |
| Extensión | XX, 352 p. ; |
| Dimensiones | 25 cm. |
| 530 ## - NOTA DISPONIBLE DE FORMULARIO FÍSICO ADICIONAL | |
| Nota de formato físico adicional disponible | Disponible también en sitio web. |
| 650 #4 - PUNTO DE ACCESO ADICIONAL DE MATERIA--TÉRMINO DE MATERIA | |
| Término de materia o nombre geográfico como elemento de entrada | Poesía española- |
| Subdivisión geográfica | Andalucía- |
| Subdivisión general | Historia y crítica. |
| 9 (RLIN) | 151205 |
| 700 1# - ENTRADA AGREGADA--NOMBRE PERSONAL | |
| Nombre de persona | Amador de los Ríos, José, |
| Fechas asociadas al nombre | 1818-1878 |
| 9 (RLIN) | 21088 |
| 852 ## - LOCALIZACIÓN | |
| Ubicación | ES-MaACL |
| Número de control de estantería | G-8084(1) |
| Nota libre | -- Enc. hol. |
| 856 ## - LOCALIZACIÓN Y ACCESO ELECTRÓNICOS | |
| Identificador Uniforme de Recursos | <a href="http://bibliotecadigitalhispanica.bne.es:80/webclient/DeliveryManager?pid=2914913&custom_att_2=simple_viewer">http://bibliotecadigitalhispanica.bne.es:80/webclient/DeliveryManager?pid=2914913&custom_att_2=simple_viewer</a> |
| Nota pública | Ir a la página |
| Estatus retirado | Estado de pérdida | Estado de daño | No para préstamo | Colección | Biblioteca de origen | Biblioteca actual | Ubicación en estantería | Fecha de adquisición | Fuente de adquisición | Total de préstamos | Signatura topográfica completa | Código de barras | Visto por última vez | Precio de reemplazo | Tipo de ítem Koha |
|---|---|---|---|---|---|---|---|---|---|---|---|---|---|---|---|
| Colección digital | Biblioteca del Ateneo de Madrid | Biblioteca del Ateneo de Madrid | Sala Pecera Planta 3 | 17/01/2008 | G-8084(1) | 1164455 | 23/02/2023 | 23/02/2023 | Libro impreso antiguo |
